| 000 | 00393nam a2200145 a 4500 | ||
|---|---|---|---|
| 001 | 5503 | ||
| 003 | CDMR | ||
| 005 | 20130220084152.0 | ||
| 008 | 130130s2003||||||||||||||||||||||||||||d | ||
| 040 |
_aCDMR _bcat _cCPC LLEIDA |
||
| 110 |
_92824 _aMuseu d'art Jaume Morera |
||
| 245 | 0 |
_aRaó de rostoll _bJosep Guinovart 1993-2003 |
|
| 260 |
_aLleida _c2003 _bMuseu d'Art Jaume Morera |
||
| 942 |
_cMON _2ddc |
||
| 999 |
_c5503 _d5503 |
||